000 00803nam a2200217 a 4500
001 44674
003 BD-RjUL44792
005 20211209053911.0
008 160719r19521896 ||||| |||| 00| 0 ben d
035 _a(BD-RjUL)44792
040 _aBD-RjUL
_bben
_cBD-RjUL
041 _aben
082 _2230
_a891.4414
_bTHC 1952
100 1 _aঠাকুর, রবীন্দনাথ
_9136902
245 1 0 _aচৈতলী /
_cরবীন্দনাথ ঠাকুর
260 _aকলিকাতা :
_bবিশ্বভারতী গ্রন্হালয়,
_c১৮৯৬ [পনঃ মুদ্রঃ ১৯৫২]
300 _a১০২ পৃ. ;
_c১৭ সেমি.
650 _aবাংলা
_vকবিতা
_9136878
650 _aBengali
_vPoetry
_9136903
942 _2ddc
_cBK
999 _c44674
_d44674